Menara 5 : Hadiah cerpen Maybank-DBP 1992 (kategori)
| Format: | Book |
|---|---|
| Published: |
Kuala Lumpur :
DBP ,
1993
|
| Subjects: |
MARC
| LEADER | 00000cam a2200000 7i4500 | ||
|---|---|---|---|
| 001 | 0000003139 | ||
| 002 | 000003395 | ||
| 005 | 20020117.0 | ||
| 020 | |a 9836235981 | ||
| 090 | 0 | 0 | |a F |b HAD |
| 245 | 0 | 0 | |a Menara 5 : |b Hadiah cerpen Maybank-DBP 1992 (kategori) |
| 260 | |a Kuala Lumpur : |b DBP , |c 1993 | ||
| 300 | |a 139p. ; |c 21cm. | ||
| 650 | 0 | 0 | |a Short stories, Malay |
| 999 | |a 036729 |b BUKU |c PINJAMAN |e PERPUSTAKAAN KOMUNITI PETALING JAYA | ||
| 999 | |a 055271 |b BUKU |c FICTION |e PERPUSTAKAAN KOMUNITI CAW KOTA DAMANSARA | ||
| 999 | |a 055272 |b BUKU |c PINJAMAN |e PERPUSTAKAAN KOMUNITI PETALING JAYA | ||